Cuenca del Plata : estudio para su planificación y desarrollo: inventario y análisis de la información básica sobre recursos naturales /

Detalles Bibliográficos
Autor Corporativo: Organización de los Estados Américanos
Formato: Libro
Publicado: Washington : OEA, 1971.
Materias:
Etiquetas: Agregar Etiqueta
Sin Etiquetas, Sea el primero en etiquetar este registro!

MARC

LEADER 00000nam a22000004a 4500
001 AR-BbUGT386
003 AR-BbUGT
005 20220328093555.0
007 ta
008 061101t1971 |||abd |0|||0| d
999 |c 8229  |d 8229 
040 |a AR-BbUGT  |b spa  |c AR-BbUGT 
082 0 4 |a 333.917 
110 2 |a Organización de los Estados Américanos 
245 1 0 |a Cuenca del Plata : estudio para su planificación y desarrollo:   |b inventario y análisis de la información básica sobre recursos naturales /   |c Secretaría General de la Organización de los Estados Americanos. 
260 |a Washington :   |b OEA,   |c 1971. 
300 |a 169 p. :   |b il., mapas, tablas ;   |c 27 cm. +   |e 2 cajas con mapas tópicos y 2 cajas con mapas índices 
500 |a "Informe del estudio llevado a cabo por la Oficina de Desarrollo Regional (Unidad de Recursos Naturales) durante el período 1968-1970.". 
651 4 |a Cuenca del Plata (América del Sur)  |9 790 
653 |a Recursos Naturales 
942 |c BK  |h 333.917  |i OR14-1  |m LED  |2 ddc  |6 333_917000000000000_OR141